Statický výpočet stĺpov viacloďových hál

Bibliographic Details
Main Author: Kabelka, Július (Author)
Format: Article
Language:Slovak
PhysicalDescription:Obr. 1. Tb. 1.
Subjects:

MARC

LEADER 00000nab a2200000 a 4500
001 vtls000000572
003 SK-MaSNL
005 20260304071759.0
008 250423c1978 xo 0 slo
015 |a SNBRB19rr/mm-uuuuu 
035 |a CL0010664 
035 |a urn:nbn:sk:snk-ab2rj0 
035 |a (urnnbn)urn:nbn:sk:snk:ar-a02ue0 
035 |a (uuid)57ec8a08-c0f1-487e-a66f-269725926feb 
040 |a SNKBUCL  |b slo  |c SNKBUCL  |e AACR2 
041 0 |a slo 
044 |a xo  |c SK 
080 |a 624  |2 1981 
100 1 |a Kabelka, Július  |4 aut  |9 1115888 
245 1 0 |a Statický výpočet stĺpov viacloďových hál  |c Július Kabelka 
300 |b Obr. 1. Tb. 1. 
650 0 7 |a priemyselné stavby  |2 snkbucl  |9 3007 
650 0 7 |a haly viacloďové  |2 snkbucl  |9 1359244 
650 0 7 |a stĺpy  |2 snkbucl  |9 27614 
650 0 7 |a statika  |2 snkbucl  |9 30414 
655 7 |a články z novín a časopisov  |2 snkbucl  |9 267496 
773 0 |t Inženýrské stavby  |g Roč. 26, č. 5 (1978), s. 258-260 
850 |a Slovenská národná knižnica 
852 |a Slovenská národná knižnica 
954 |a odborná, vedecká literatúra pôvodná (slovenská)  |2 lita 
958 |a article2022 
958 |a RK 
958 |a OND 
958 |a EUIPO 
992 |a RBX 
999 |c 2762016  |d 2763946